000 00282nam a22001217a 4500
008 170721b xxu||||| |||| 00| 0 eng d
041 _aeng
080 _a004
100 _a28
101 _aSHKI
245 _aGUIDE TO MANAGING AND MAINTAINING YOUR PC
_cANDREWS, J
942 _2udc
_cBK
999 _c21693
_d21693